000 01089nam a22002657a 4500
005 20240305165501.0
007 cr|||| ||||
008 180312s2016 br |||||s|||| 00||0 por d
020 _a978-85-7789-253-2
035 _a21051
040 _avLex
090 _c7459
_d7459
100 1 _aAraújo Gomes, Josiane
245 1 0 _aContratos de Planos de Saúde
_h[Recurso electrónico] /
_cJosiane Araújo Gomes
256 _aServicio en línea
260 _aSan Pablo:
_bJH Mizuno,
_c2016
300 _a1 recurso electrónico
506 1 _aDisponible solo en los productos indicados
_dvLex Global
_dvLex Global (Academic Edition, excluding Law Schools)
_dvLex Global (U.S. Academic Edition, Law Schools)
_dvLex Global (U.S. Academic Edition, excluding Law Schools)
_dvLex Global (Academic Edition, Law Schools)
650 0 4 _aDerechos y Deberes fundamentales
_zBrasil
650 0 4 _aObligaciones y Contratos
_zBrasil
650 0 4 _aMedicina
_zBrasil
740 0 _avLex Libros (Servicio en línea)
856 4 0 _uhttps://app.vlex.com/#/sources/contratos-planos-saude-21051
942 _cRAA
999 _c165698
_d165698